Dal modello alla casa automobilistica - Statistics

Statistiche generali
  • Questo quiz è stato fatto 141 volte
  • Il punteggio medio è 18 su 21
Statistiche sulle risposte
MODELLO CASA AUTOMOBILISTICA % Corretto
Punto Fiat
100%
Giulietta Alfa Romeo
99%
Ypsilon Lancia
96%
Fiesta Ford
95%
Duster Dacia
93%
Qashqai Nissan
93%
Corsa Opel
93%
Clio Renault
93%
Q7 Audi
91%
Golf Volkswagen
90%
GLA Mercedes
86%
Cooper Mini
86%
3008 Peugeot
85%
C4 Cactus Citroen
82%
Huracan Lamborghini
81%
X3 BMW
80%
Sportage Kia
79%
Leon Seat
78%
Compass Jeep
73%
Kamiq Skoda
64%
XC60 Volvo
63%
Nessun quiz corrispondente trovato
Distribuzione punteggi
Percentuale di utenti per punteggio
Percentile per numero di risposta
I tuoi punteggi nel tempo
Non hai fatto questo quiz